SERVOMECHANISMS AN INTRODUCTION TO THE PRACTICE AND THEORY OF CLOSED LOOP POSITION CONTROL SYSTEMS WITH AN ACCOUNT OF METHODS OF STATE TRANSIMISSION AND COMPETATION (Record no. 583988)
[ view plain ]
| 000 -LEADER | |
|---|---|
| fixed length control field | 00383nam a22001097a 4500 |
| 082 ## - DEWEY DECIMAL CLASSIFICATION NUMBER | |
| Classification number | 629.8323 TAY'S |
| 100 ## - MAIN ENTRY--PERSONAL NAME | |
| Personal name | TAYLOR, P. L |
| 9 (RLIN) | 78919 |
| 245 ## - TITLE STATEMENT | |
| Title | SERVOMECHANISMS AN INTRODUCTION TO THE PRACTICE AND THEORY OF CLOSED LOOP POSITION CONTROL SYSTEMS WITH AN ACCOUNT OF METHODS OF STATE TRANSIMISSION AND COMPETATION |
| 260 ## - PUBLICATION, DISTRIBUTION, ETC. | |
| Place of publication, distribution, etc. | LONDON |
| Name of publisher, distributor, etc. | LONGMAN |
| Date of publication, distribution, etc. | 1969 |
| 300 ## - PHYSICAL DESCRIPTION | |
| Extent | 424P |
| 942 ## - ADDED ENTRY ELEMENTS (KOHA) | |
| Koha item type | Book |
| Withdrawn status | Lost status | Damaged status | Not for loan | Permanent Location | Current Location | Shelving location | Date acquired | Total Checkouts | Full call number | Barcode | Date last seen | Price effective from | Koha item type |
|---|---|---|---|---|---|---|---|---|---|---|---|---|---|
| College of Electrical & Mechanical Engineering (CEME) | College of Electrical & Mechanical Engineering (CEME) | General Stacks | 06/21/2017 | 629.8323 TAY'S | CEME-7302 | 06/28/2021 | 06/28/2021 | Book |
